000 01026nas a2200289 4500
001 BR2013002957
003 BR-BrBNA
005 20231205122211.0
007 ta
008 230509b bl.|||p| |||| 00| 00por d
040 _aBR-BrBNA
_bpor
_cBiblioteca Nacional de Agricultura
041 _a(Pt)
072 _aQ04
100 1 _aRiva, D.
100 1 _aSimionatto, E.L.
100 1 _aWisniewski Júnior, A.
100 1 _aSalerno, A.R.
100 1 _aSchallenberger, T.H.
245 1 _aEstudo da adaptação da espécie Piper hispidinervum C.DC. (pimenta longa)à região do Vale do Itajaí - SC, através da composição química do óleo essencial obtido por hidrodestilação por micro-ondas e convencional
650 _aÓLEO ESSENCIAL
650 _aPIMENTA LONGA
650 _aCOMPOSIÇÃO QUÍMICA
650 _aINDÚSTRIA AGRÍCOLA
773 0 _tActa Amazônica (Brazil)
_xISSN 0044-5967
_g(Jun 2011), v. 41(2) p. 297-302
_wBR2013002957
909 _a202311
_bLúcia
_c55
_dLúcia Elande
942 _2AGRIS
_n0
_cANA
999 _c227431
_d227431